00513nam a2200157Ia 450000500170000000800410001704100080005808200160006610000260008224500440010826000390015230000090019165000210020099900190022195201150024020250729165805.0250729s2007 xx 000 0 und d aeng a241.01 HUBS aHubbard L Ron9233055 aScientology : The Foundation of Thought aDenmarkbNew Era Publicationc2007 a241p aReligion9233056 c240090d240090 00104070aALbALd2025-07-29eManagement Bookl0o241.01 HUBSpBED05409r2025-07-29 16:58:05w2025-07-29yBK